Peregrinaje /
Guardado en:
| Autor Principal: | |
|---|---|
| Otros Autores: | |
| Formato: | Libro |
| Publicado: |
Bahía Blanca :
Senda,
1985
|
| Materias: | |
| Etiquetas: |
Agregar Etiqueta
Sin Etiquetas, Sea el primero en etiquetar este registro!
|
| LEADER | 01066nam a22002415a 4500 | ||
|---|---|---|---|
| 001 | CEM.cems002271 | ||
| 005 | 20100914093704.0 | ||
| 008 | 130507s1985##################000#0#####d | ||
| 003 | CEMS | ||
| 082 | 0 | 4 | |a A868.4 |
| 100 | 1 | |a Epherra, Edgardo | |
| 245 | 1 | 0 | |a Peregrinaje / |c Edgardo Epherra y Norman Adrián Huici |
| 260 | |a Bahía Blanca : |b Senda, |c 1985 | ||
| 300 | |a 85 p. | ||
| 505 | 0 | |a Su plan a mi antojo -- Un poco de gloria para Alberto -- En la vereda de esas veces -- Qué habrá sido de Matilde -- Historia clínica -- De mi mayor consideración -- Pedro y los tontos -- la prueba del consejo / Edgardo Epherra -- Cataclismos -- El frío y las manos --- Otros sueños -- Puntos débiles -- Viajeros -- Salvación -- Cajas chinas -- Peregrinaje / Norman Adrián Huici | |
| 653 | |a Literatura | ||
| 653 | |a Literatura argentina-siglo 20 | ||
| 653 | |a Cuentos | ||
| 653 | |a Cuento argentino | ||
| 653 | |a Literatura bahiense | ||
| 653 | |a Autores bahienses | ||
| 700 | 1 | |a Huici, Norman Adrián | |
| 859 | |a CEMS |b BIB. CEMS - 11 de abril |h A868.4 |i Ep34 |p 15392.89 |t Ej.1 | ||
